Oedipus Franchise - Statistics

General Stats
  • This quiz has been taken 21 times
  • The average score is 13 of 32
Answer Stats
Type Year Name Info % Correct
Play 415 B.C. - 406 B.C. Oedipus Euripides
100%
Play 1st Century Oedipus Lucius Annaeus Seneca
100%
Play 1679 Oedipus John Dryden / Nathaniel Lee
100%
Play 1718 Oedipus Voltaire
100%
Play 429 B.C. Oedipus Rex Sophocles
100%
Opera 1927 Oedipus Rex Igor Stravinsky
100%
Film 1957 Oedipus Rex Motion Picture Distributors
100%
Film 1967 Oedipus Rex Euro International Films
100%
Play 441 B.C. Antigone Sophocles
76%
Play 420 B.C. - 406 B.C. Antigone Euripides
76%
Play 1922 Antigone Jean Cocteau
76%
Play 1944 Antigone Jean Anouilh
76%
Film 1961 Antigone Kino Video
76%
Play 401 B.C. Oedipus at Colonus Sophocles
35%
Film 1968 Oedipus the King Rank Film Distributors
35%
Play 467 B.C. Seven Against Thebes Aeschylus
6%
Play 2004 The Burial at Thebes: A Version of Sophocles' Antigone Seamus Heaney
6%
Opera 1772 Antigona Tommaso Traetta
0%
Film 1982 Butcher, Baker, Nightmare Maker Comworld Pictures
0%
Film 1969 Funeral Parade of Roses Art Theatre Guild
0%
Play 1980 Greek Steven Berkoff
0%
Opera 1988 Greek Mark-Anthony Turnage
0%
Opera 1936 Œdipe George Enescu
0%
Opera 1786 Œdipe à Colone Antonio Sacchini
0%
Film 1996 Oedipus Mayor Quimera Films / Sogepaq Distribución
0%
Oratorio 1990 Oedipus Tex P. D. Q. Bach
0%
Play 1968 The Gods Are Not to Blame Ola Rotimi
0%
Novel 1971 The Gods Are Not to Blame Ola Rotimi
0%
Musical 1983 The Gospel at Colonus Bob Telson
0%
Play 1934 The Infernal Machine Jean Cocteau
0%
Play 408 B.C. The Phoenician Women Euripides
0%
Film 1991 Voyager Castle Hill Productions
0%
No matching quizzes found
Score Distribution
Percent of People with Each Score
Percentile by Number Answered
Your Score History
You have not taken this quiz